=LDR 00000nam 2200000 4500 =001 INLIS000000000810068 =005 20251016032659 =035 ##$$a 0010-1025000051 =008 251016###########################0#ind## =245 ##$$a Meneladani Akhlak Generasi Terbaik /$c Syaikh Dr. Abdurrazzaq bin Abdul Muhsin Al-Badr =260 ##$:$b Darul Haq =082 ##$$a 297.57 =084 ##$$a 297.57 ABD m